[Event "29th World Junior Girls"]
[Site "Chennai IND"]
[Date "2011.08.07"]
[Round "6"]
[White "Brunello,R"]
[Black "Savant,R"]
[Result "0-1"]
[WhiteElo "2036"]
[BlackElo "1743"]
[EventDate "2011.08.02"]

1. e4 c5 2. c3 g6 3. d4 cxd4 4. cxd4 d5 5. exd5 Nf6 6. Nc3 Nxd5 7. Bb5+ Nc6
8. Nf3 Bg7 9. Qb3 Nxc3 10. bxc3 O-O 11. Bf4 Be6 12. Qb2 Bd5 13. Qe2 Bxf3
14. Qxf3 Nxd4 15. Qxb7 Nxb5 16. Qxb5 Bxc3+ 17. Ke2 Bxa1 18. Rxa1 Qd4 19.
Be5 Qe4+ 20. Kf1 Rad8 21. Bc3 Rd5 22. Qb2 Rfd8 23. f3 Qe3 24. Qc2 Rc5 0-1

[Event "29th World Junior Girls"]
[Site "Chennai IND"]
[Date "2011.08.07"]
[Round "6"]
[White "Madhurima,S"]
[Black "Hansen,Erl"]
[Result "1-0"]
[WhiteElo "1854"]
[BlackElo "1770"]
[EventDate "2011.08.02"]

1. e4 c5 2. Nc3 Nc6 3. f4 g6 4. Nf3 Bg7 5. Bb5 Nd4 6. O-O e6 7. e5 Ne7 8.
Nxd4 cxd4 9. Ne4 O-O 10. b3 a6 11. Bd3 Nd5 12. Ba3 Ne7 13. Nf6+ Kh8 14. Qg4
Bxf6 15. exf6 Nd5 16. Bxf8 Qxf8 17. f5 e5 18. fxg6 hxg6 19. Qe4 Nf4 20.
Qxe5 Nxd3 21. Qe7 Qg8 22. cxd3 d5 23. Rae1 Be6 1-0

[Event "29th World Junior Girls"]
[Site "Chennai IND"]
[Date "2011.08.09"]
[Round "7"]
[White "Bulmaga,I"]
[Black "Girya,O"]
[Result "1/2-1/2"]
[WhiteElo "2293"]
[BlackElo "2371"]
[EventDate "2011.08.02"]

1. e4 c6 2. d4 d5 3. e5 Bf5 4. Nf3 e6 5. Be2 Nd7 6. O-O Bg6 7. Nbd2 Nh6 8.
Nb3 Rc8 9. Bd2 Be7 10. h3 O-O 11. c4 dxc4 12. Bxc4 Nf5 13. Ba5 Nb6 14. Qe2
Qe8 15. Bd3 Nd5 16. Bd2 c5 17. dxc5 Bxc5 18. Nxc5 Rxc5 19. Rac1 Rxc1 20.
Rxc1 Nfe7 21. Bb5 Qd8 22. a4 a6 23. Bc4 Qd7 24. Bb3 h6 25. Nh4 Qd8 26. Nxg6
Nxg6 27. Rd1 Qb6 28. Bxd5 exd5 29. Bc3 Rd8 30. a5 Qc6 31. Qe3 Nf8 32. Qb6
Ne6 33. Rd2 d4 34. Bb4 Qc1+ 35. Kh2 Rd5 36. Qxb7 Rb5 37. Qa8+ Kh7 38. Qe4+
g6 39. Rxd4 Qxb2 40. Rc4 Qxf2 41. Be1 Qf5 42. Qxf5 gxf5 43. Bc3 f4 44. g4
fxg3+ 45. Kxg3 Kg6 46. Rc6 Rc5 47. Rxc5 Nxc5 48. Kf4 Ne6+ 49. Ke4 Ng5+ 50.
Kd5 Nxh3 51. Kc6 Nf4 52. Kb7 h5 53. Kxa6 h4 54. Be1 h3 55. Bg3 Nd5 56. Kb5
Kf5 57. e6 fxe6 58. a6 e5 59. a7 Nc7+ 60. Kb6 Na8+ 61. Kb7 e4 62. Kxa8 Kg4
63. Kb8 Kxg3 64. a8=Q e3 65. Qh1 h2 66. Kc7 e2 67. Kd6 e1=Q 68. Qxe1+ Kg2
69. Qe2+ Kg1 1/2-1/2

[Event "29th World Junior Girls"]
[Site "Chennai IND"]
[Date "2011.08.09"]
[Round "7"]
[White "Cori T.,D"]
[Black "Saranya,J"]
[Result "1-0"]
[WhiteElo "2376"]
[BlackElo "2121"]
[EventDate "2011.08.02"]

1. d4 Nf6 2. Nf3 g6 3. c4 Bg7 4. g3 d6 5. Bg2 O-O 6. O-O c6 7. Nc3 Qa5 8.
e4 Qh5 9. h4 Bg4 10. Qd3 Na6 11. Nh2 Nb4 12. Qd2 Qa5 13. a3 Na6 14. Qg5 e5
15. Nxg4 Nxg4 16. Qxg4 exd4 17. Na2 Qa4 18. Bf4 Rad8 19. Rfc1 Qb3 20. Rd1
Qxb2 21. Qf3 Qc2 22. Rac1 Qa4 23. h5 Nc5 24. h6 Bh8 25. Bg5 f6 26. Bf4 f5
27. exf5 Rxf5 28. Qe2 Qxa3 29. Bh3 Rxf4 30. Rc3 dxc3 31. gxf4 Rf8 32. Rxd6
Qa5 33. Qe7 c2 34. Rxg6+ 1-0

[Event "29th World Junior Girls"]
[Site "Chennai IND"]
[Date "2011.08.09"]
[Round "7"]
[White "Mammadova,G"]
[Black "Semenova,E"]
[Result "1-0"]
[WhiteElo "2294"]
[BlackElo "2175"]
[EventDate "2011.08.02"]

1. e4 e5 2. Nf3 Nc6 3. d4 exd4 4. Nxd4 Nf6 5. Nxc6 bxc6 6. e5 Qe7 7. Qe2
Nd5 8. c4 Nb6 9. Nc3 Bb7 10. Bd2 g6 11. O-O-O Bg7 12. f4 O-O-O 13. Qf2 f6
14. exf6 Qxf6 15. Be3 Rhe8 16. Bd4 Qf7 17. Bxg7 Qxg7 18. Bd3 Qf7 19. c5 Nd5
20. Nxd5 cxd5 21. Kb1 Re6 22. Rhf1 Ba6 23. Qd4 Bxd3+ 24. Qxd3 Qf5 25. Qxf5
gxf5 26. Rxd5 Re2 27. Rg1 Rf2 28. Rxf5 Re8 29. Re5 Rxe5 30. fxe5 Kb7 31. h4
Re2 32. g4 Rxe5 33. g5 Kc6 34. h5 Re7 35. g6 hxg6 36. hxg6 Rg7 37. Rg5 d6
38. Kc2 Kd7 39. Kc3 Ke6 40. cxd6 cxd6 41. Kd4 Kf6 42. Rg2 Ke6 43. b4 a6 44.
a4 d5 45. Rg3 Kd6 46. Rg5 Ke6 47. b5 a5 48. Re5+ Kf6 49. Rxd5 Kxg6 50. b6
Kf6 51. Rxa5 Ke6 52. Rb5 Kd6 53. b7 1-0

[Event "29th World Junior Girls"]
[Site "Chennai IND"]
[Date "2011.08.09"]
[Round "7"]
[White "Kulon,K"]
[Black "Kazimova,N"]
[Result "1-0"]
[WhiteElo "2227"]
[BlackElo "2292"]
[EventDate "2011.08.02"]

1. e4 c5 2. Nf3 d6 3. d4 cxd4 4. Nxd4 Nf6 5. Nc3 a6 6. Bg5 e6 7. f4 Qb6 8.
Qd2 Nc6 9. Bxf6 gxf6 10. Nb3 Bd7 11. O-O-O O-O-O 12. Be2 h5 13. Rhf1 Be7
14. Rf3 Rdg8 15. Bf1 Kb8 16. Kb1 h4 17. Rd3 Qc7 18. Rh3 Rh7 19. Qf2 Rgh8
20. Na4 b5 21. Nc3 Qa7 22. Qe1 Qb6 23. a4 b4 24. a5 Nxa5 25. Nxa5 Qxa5 26.
Na2 d5 27. Ra3 Qb6 28. Rxa6 Qc5 29. exd5 exd5 30. Rxd5 Qxd5 31. Qxe7 Qb7
32. Qd6+ Kc8 33. Rb6 1-0

[Event "29th World Junior Girls"]
[Site "Chennai IND"]
[Date "2011.08.09"]
[Round "7"]
[White "Paikidze,N"]
[Black "Vo Thi Kim Phung"]
[Result "1-0"]
[WhiteElo "2416"]
[BlackElo "2141"]
[EventDate "2011.08.02"]

1. d4 Nf6 2. c4 e6 3. Nc3 Bb4 4. f3 c5 5. d5 d6 6. e4 exd5 7. cxd5 O-O 8.
Nge2 Nbd7 9. Ng3 Ne5 10. Be2 Re8 11. O-O Bd7 12. a4 a6 13. Bd2 Rc8 14. f4
Ng6 15. Qc2 Qb6 16. Kh1 c4 17. Be1 Bg4 18. Bxg4 Nxg4 19. Nf5 Ne3 20. Nxe3
Qxe3 21. Rf3 Qb6 22. Bg3 Bxc3 23. Rxc3 Qb4 24. a5 Qb5 25. Rd1 f6 26. h3 Re7
27. Rc1 Qxa5 28. Rxc4 Rce8 29. Rc8 Kf7 30. Rxe8 Rxe8 31. Qc4 Re7 32. h4 Qd2
33. e5 Kf8 34. exd6 Re8 35. h5 Nh8 36. d7 Rd8 37. Qc5+ Kf7 38. Re1 Rxd7 39.
Qc8 Re7 40. Rxe7+ Kxe7 41. Qxb7+ Kf8 42. Qb8+ Kf7 43. Qc7+ Kf8 44. Qc5+ Kf7
45. d6 h6 46. Kh2 Qd1 47. Qc4+ Kf8 48. Qc8+ Kf7 49. Qd7+ Kf8 50. Qe7+ Kg8
51. Qe8+ Kh7 52. d7 1-0

[Event "29th World Junior Girls"]
[Site "Chennai IND"]
[Date "2011.08.09"]
[Round "7"]
[White "Agrest,I"]
[Black "Savina,A"]
[Result "1-0"]
[WhiteElo "2220"]
[BlackElo "2398"]
[EventDate "2011.08.02"]

1. e4 e5 2. Nf3 Nc6 3. Bb5 Nf6 4. O-O Nxe4 5. d4 Nd6 6. dxe5 Nxb5 7. a4 d6
8. e6 fxe6 9. axb5 Nb4 10. Ng5 Be7 11. Qh5+ g6 12. Qh6 Bf8 13. Qh3 Qf6 14.
b6 Nc6 15. Nc3 cxb6 16. Nb5 Qf5 17. Nc7+ Kd7 18. Nxa8 Qxh3 19. Nxh3 b5 20.
Be3 b6 21. Bxb6 axb6 22. Nxb6+ Kc7 23. Nxc8 Kxc8 24. Ng5 e5 25. Rfd1 1-0

[Event "29th World Junior Girls"]
[Site "Chennai IND"]
[Date "2011.08.09"]
[Round "7"]
[White "Dogodkina,J"]
[Black "Nakhbayeva,G"]
[Result "1-0"]
[WhiteElo "2193"]
[BlackElo "2222"]
[EventDate "2011.08.02"]

1. e4 e6 2. Qe2 c5 3. g3 Nc6 4. Bg2 g6 5. c3 Bg7 6. f4 Nge7 7. Nf3 d6 8.
O-O O-O 9. d3 Rb8 10. Be3 b5 11. d4 cxd4 12. cxd4 Ba6 13. Rd1 d5 14. e5 Rb6
15. g4 b4 16. Qf2 Na5 17. Nbd2 Rc6 18. Nb3 Nxb3 19. axb3 Qb6 20. Qd2 Rfc8
21. Ne1 R6c7 22. Ra2 Nc6 23. Rda1 Bb5 24. Bf2 Rd7 25. Qe3 Re8 26. Nf3 f6
27. exf6 Bxf6 28. h4 Kh8 29. Re1 Rde7 30. Raa1 Bg7 31. h5 gxh5 32. gxh5 Qc7
33. Rac1 Qd6 34. Ne5 Bf6 35. Bg3 Rc8 36. f5 exf5 37. Nf7+ Kg8 38. Nh6+ Kh8
39. Bxd6 Rxe3 40. Rxe3 Bxd4 41. Be5+ 1-0

[Event "29th World Junior Girls"]
[Site "Chennai IND"]
[Date "2011.08.09"]
[Round "7"]
[White "Padmini,R"]
[Black "Fataliyeva,U"]
[Result "1-0"]
[WhiteElo "2348"]
[BlackElo "2107"]
[EventDate "2011.08.02"]

1. e4 e6 2. d4 d5 3. Nc3 dxe4 4. Nxe4 Be7 5. Nf3 Nd7 6. Bd3 Ngf6 7. O-O
Nxe4 8. Bxe4 c5 9. c3 O-O 10. Be3 Nf6 11. Bc2 b6 12. Qe2 Bb7 13. Rad1 Qc7
14. Ne5 Nd5 15. Bc1 cxd4 16. Rxd4 Bf6 17. Re1 Rad8 18. a3 Qxe5 19. Qxe5
Bxe5 20. Rxe5 Nf6 21. Rxd8 Rxd8 22. f3 h6 23. Kf2 Kf8 24. h4 Ba6 25. Re1
Nd7 26. Rd1 Ke7 27. Bf4 Nc5 28. Rxd8 Kxd8 29. Ke3 Ke7 30. Bb8 Kd8 31. b4
Nd7 32. Bd6 h5 33. Bb3 Bf1 34. g4 hxg4 35. fxg4 b5 36. h5 Nf6 37. Bd1 Nd5+
38. Kd4 Ke8 39. g5 Bh3 40. Be2 a6 41. c4 bxc4 42. Bxc4 Bg4 43. h6 gxh6 44.
gxh6 Bf5 45. Bxa6 Kd7 46. Bg3 Bh7 47. Bb5+ Kc8 48. Ke5 Bf5 49. Be8 f6+ 50.
Kd6 Nc7 51. Bd7+ Kb7 52. Bh4 1-0

[Event "29th World Junior Girls"]
[Site "Chennai IND"]
[Date "2011.08.09"]
[Round "7"]
[White "Tsatsalashvili,K"]
[Black "Nandhidhaa,P"]
[Result "0-1"]
[WhiteElo "2318"]
[BlackElo "2101"]
[EventDate "2011.08.02"]

1. d4 d5 2. c4 e6 3. Nc3 Nf6 4. cxd5 exd5 5. Qc2 Be7 6. Bg5 c6 7. e3 O-O 8.
Bd3 Nbd7 9. Nge2 Re8 10. O-O Nf8 11. f3 Ng6 12. Rad1 h6 13. Bxf6 Bxf6 14.
e4 dxe4 15. Bxe4 Ne7 16. Kh1 Be6 17. Nf4 Bc4 18. Rfe1 Bg5 19. Nh3 Bh4 20.
g3 Bf6 21. Nf4 Nd5 22. Bxd5 Rxe1+ 23. Rxe1 cxd5 24. b3 Ba6 25. Ncxd5 Bxd4
26. Nc7 Rc8 27. Rc1 Be3 28. Nfd5 Bxc1 29. Qxc1 Qxd5 30. Qd1 0-1

[Event "29th World Junior Girls"]
[Site "Chennai IND"]
[Date "2011.08.09"]
[Round "7"]
[White "Imeeva,A"]
[Black "Bhakti,K"]
[Result "0-1"]
[WhiteElo "2094"]
[BlackElo "2317"]
[EventDate "2011.08.02"]

1. e4 c6 2. d4 d5 3. Nd2 dxe4 4. Nxe4 Bf5 5. Ng3 Bg6 6. Nf3 Nd7 7. Bc4 e6
8. O-O Bd6 9. c3 Ngf6 10. b4 O-O 11. Bd2 Qc7 12. Bb3 b6 13. c4 c5 14. bxc5
bxc5 15. Rc1 cxd4 16. Nxd4 a6 17. Qe2 Rfd8 18. Bc3 Bf4 19. Rcd1 Rac8 20.
Qb2 Ne4 21. Bb4 Ne5 22. Qe2 Nf6 23. c5 Bd3 24. Rxd3 Nxd3 25. Qxd3 Bxg3 26.
hxg3 a5 27. Bc3 Qxc5 28. Bb2 e5 29. Rd1 exd4 30. Bxd4 Qb4 31. a3 Qb7 32.
Bc4 Qe4 33. Qc3 h6 34. f3 Qg6 35. Qxa5 Qc2 0-1

[Event "29th World Junior Girls"]
[Site "Chennai IND"]
[Date "2011.08.09"]
[Round "7"]
[White "Romero Echeverria,A"]
[Black "Eric,J"]
[Result "1-0"]
[WhiteElo "2071"]
[BlackElo "2282"]
[EventDate "2011.08.02"]

1. e4 c5 2. c3 d5 3. exd5 Qxd5 4. d4 e6 5. Nf3 Nf6 6. Be2 cxd4 7. cxd4 Nc6
8. O-O Be7 9. Nc3 Qd6 10. Nb5 Qd8 11. Bf4 Nd5 12. Bg3 O-O 13. Bc4 a6 14.
Bxd5 axb5 15. Bb3 Na5 16. Bc2 Nc4 17. Qe2 g6 18. h4 Bd7 19. b3 Na3 20. Bd3
Bc6 21. h5 Qd5 22. hxg6 hxg6 23. Rfe1 Bf6 24. Rac1 b4 25. Rc5 Qd7 26. Ne5
Qxd4 27. Ng4 Bg7 28. Rg5 Bd5 29. Ne5 Qc3 30. Nxg6 fxg6 31. Bxg6 Nc2 32.
Bxc2 Rxa2 33. Be5 1-0

[Event "29th World Junior Girls"]
[Site "Chennai IND"]
[Date "2011.08.09"]
[Round "7"]
[White "Pon,N"]
[Black "Terao,J"]
[Result "1/2-1/2"]
[WhiteElo "2075"]
[BlackElo "2168"]
[EventDate "2011.08.02"]

1. e4 c5 2. Nf3 e6 3. d4 cxd4 4. Nxd4 a6 5. Bd3 Nf6 6. O-O Qc7 7. c4 d6 8.
Qe2 g6 9. Nc3 Bg7 10. Be3 O-O 11. Rac1 b6 12. Rfd1 Bb7 13. f3 Nbd7 14. Qf2
Rac8 15. Bf1 Rfe8 16. b4 Qb8 17. Nb3 Ba8 18. c5 bxc5 19. Bxa6 Rc6 20. Bb5
Rb6 21. a4 Rd8 22. bxc5 Nxc5 23. Nxc5 dxc5 24. Bxc5 Rb7 25. e5 Nd5 26. Nxd5
exd5 27. Bd6 Qa7 28. Qxa7 Rxa7 29. Bc5 Rb7 30. Bd6 f6 31. f4 fxe5 32. fxe5
Kf7 33. Bc7 Rc8 34. Bd6 Rd8 35. Bc6 Ra7 36. Bxa8 Rdxa8 37. Rf1+ Ke6 38.
Rfe1 Rxa4 39. Rc7 R8a7 40. Rc8 Ra1 41. Re8+ Kf5 42. Rxa1 Rxa1+ 43. Kf2 d4
44. Kf3 Rf1+ 45. Ke2 Rg1 46. Kd3 Rd1+ 47. Kc2 Rg1 48. Kd3 Rd1+ 49. Ke2 Rg1
1/2-1/2

[Event "29th World Junior Girls"]
[Site "Chennai IND"]
[Date "2011.08.09"]
[Round "7"]
[White "Lkhamsuren,U"]
[Black "Pratyusha,B"]
[Result "1-0"]
[WhiteElo "2163"]
[BlackElo "2064"]
[EventDate "2011.08.02"]

1. e4 e5 2. Nf3 Nc6 3. Bb5 a6 4. Ba4 Nf6 5. O-O b5 6. Bb3 Bc5 7. c3 d6 8.
d4 Bb6 9. Re1 Bg4 10. Bd5 Bd7 11. Bg5 h6 12. Bh4 Qe7 13. a4 Rb8 14. axb5
axb5 15. Na3 Nd8 16. Nc2 c6 17. Ba2 O-O 18. Bxf6 gxf6 19. Nh4 Kh7 20. Ne3
Rg8 21. Nhf5 Bxf5 22. Nxf5 Qf8 23. d5 cxd5 24. exd5 Nb7 25. Bb1 Kh8 26. Re4
Nc5 27. Rh4 Rg6 28. b4 Nd7 29. Qd2 Ra8 1-0

[Event "29th World Junior Girls"]
[Site "Chennai IND"]
[Date "2011.08.09"]
[Round "7"]
[White "Divyasri,C"]
[Black "Krumova,A"]
[Result "1-0"]
[WhiteElo "2123"]
[BlackElo "1961"]
[EventDate "2011.08.02"]

1. e4 Nf6 2. e5 Nd5 3. d4 d6 4. c4 Nb6 5. exd6 cxd6 6. Nc3 g6 7. Be3 Bg7 8.
Rc1 O-O 9. b3 Nc6 10. Nf3 Bg4 11. Be2 f5 12. d5 Bxf3 13. gxf3 Ne5 14. f4
Nf7 15. h4 h5 16. Rg1 Kh7 17. Bxh5 Nh6 18. Bxg6+ Kh8 19. Qh5 Nd7 20. Bd4
Nf6 21. Qg5 e5 22. dxe6 Qe7 23. Kf1 Qxe6 24. Re1 Qd7 25. Nd5 1-0

[Event "29th World Junior Girls"]
[Site "Chennai IND"]
[Date "2011.08.09"]
[Round "7"]
[White "Hoang Thi Nhu Y"]
[Black "Sahari,J"]
[Result "1-0"]
[WhiteElo "2204"]
[BlackElo "1911"]
[EventDate "2011.08.02"]

1. c4 e5 2. Nc3 Nc6 3. Nf3 d6 4. d4 Bg4 5. d5 Nb8 6. e4 Nd7 7. h3 Bxf3 8.
Qxf3 g6 9. Be3 a6 10. Bd3 Bg7 11. O-O-O Qe7 12. g4 Ngf6 13. Rdg1 O-O-O 14.
b4 h5 15. g5 Nh7 16. h4 Bf8 17. Kc2 Qe8 18. Qh3 Kb8 19. Rb1 b6 20. a4 Kb7
21. a5 Ra8 22. Rb3 Be7 23. Rhb1 Nhf8 24. axb6 cxb6 25. c5 Kc7 26. c6 Qc8
27. cxd7 Nxd7 28. Kd2 Kd8 29. Na4 Qb7 30. Rc3 b5 31. Nb2 Ke8 32. Rbc1 Bd8
33. Qf1 Rf8 34. Rc6 Qb8 35. f4 a5 36. Bxb5 axb4 37. Rc8 Qb7 38. Rxa8 Qxa8
39. Bxd7+ Kxd7 40. Qb5+ Ke7 41. fxe5 Re8 42. Qc6 Qxc6 43. Rxc6 dxe5 44.
Bc5+ Kd7 45. Bxb4 Bc7 46. Rf6 Rb8 47. Rxf7+ 1-0

[Event "29th World Junior Girls"]
[Site "Chennai IND"]
[Date "2011.08.09"]
[Round "7"]
[White "Ivana Maria,F"]
[Black "Hannes,D"]
[Result "1-0"]
[WhiteElo "2012"]
[BlackElo "2188"]
[EventDate "2011.08.02"]

1. d4 Nf6 2. c4 e6 3. Nf3 d5 4. Nc3 Be7 5. Bg5 h6 6. Bh4 O-O 7. e3 b6 8.
Be2 Bb7 9. Bxf6 Bxf6 10. cxd5 exd5 11. O-O Qe7 12. Qb3 Rd8 13. Rad1 c5 14.
dxc5 Bxc3 15. bxc3 Qxc5 16. c4 Nc6 17. cxd5 Na5 18. Qa4 Bxd5 19. Rc1 Qe7
20. Rfd1 Nb7 21. Rd4 Nc5 22. Qa3 Rd6 23. Rcd1 Rad8 24. Nh4 Be6 25. Nf3 a5
26. Ne5 Qc7 27. Bf3 Rxd4 28. exd4 Na6 29. Nc6 Rd6 30. Rc1 Qd7 31. d5 Bxd5
32. Bxd5 Nb4 33. Nxb4 axb4 34. Qa8+ Kh7 35. Bf3 g6 36. h3 Qe6 37. Qa4 Rd2
38. Qxb4 Rxa2 39. Qf4 Ra5 40. Bg4 Qb3 41. Rc7 Kg7 42. Qd4+ Kh7 43. Rc8 1-0

[Event "29th World Junior Girls"]
[Site "Chennai IND"]
[Date "2011.08.09"]
[Round "7"]
[White "Shweta,G"]
[Black "Bharathi,R"]
[Result "0-1"]
[WhiteElo "1922"]
[BlackElo "2117"]
[EventDate "2011.08.02"]

1. d4 Nf6 2. Nf3 g6 3. c4 Bg7 4. Nc3 O-O 5. Bg5 c5 6. e3 d6 7. Bd3 cxd4 8.
exd4 Bg4 9. Be2 Nc6 10. Qd2 Re8 11. O-O Rc8 12. Rac1 Nd7 13. Be3 e5 14. d5
Bxf3 15. Bxf3 Nd4 16. Bxd4 exd4 17. Nb5 Qb6 18. a4 Ne5 19. Be2 d3 20. Bxd3
Nxd3 21. Qxd3 Bxb2 22. Rb1 Bg7 23. Qa3 Bf8 24. a5 Qa6 25. Qa4 Red8 26. Ra1
Rc5 27. Qb4 Rdc8 28. Rfc1 Bh6 29. Re1 Rxc4 30. Re8+ Bf8 31. Rxf8+ Kxf8 32.
Qb2 Kg8 33. g3 Rc2 34. Qb3 R8c5 35. Rb1 Qxa5 36. Nxd6 Rc1+ 37. Rxc1 Rxc1+
38. Kg2 Qb6 39. Qa3 Qc5 40. Qxc5 Rxc5 41. Ne4 Rc8 42. g4 b5 43. d6 Kf8 44.
d7 Rd8 45. Nc5 Ke7 46. Kf3 Rxd7 0-1

[Event "29th World Junior Girls"]
[Site "Chennai IND"]
[Date "2011.08.09"]
[Round "7"]
[White "Hema,P"]
[Black "Deur,Z"]
[Result "1-0"]
[WhiteElo "1885"]
[BlackElo "2116"]
[EventDate "2011.08.02"]

1. d4 Nf6 2. c4 c5 3. Nf3 cxd4 4. Nxd4 Nc6 5. g3 Qb6 6. Nb5 a6 7. Be3 Qa5+
8. Bd2 Qd8 9. N5c3 e6 10. Bg2 Be7 11. O-O O-O 12. Bf4 d6 13. Ne4 Ne5 14. c5
Nh5 15. cxd6 Bxd6 16. Nbc3 Nxf4 17. gxf4 Nc4 18. Qd4 Qc7 19. b3 f5 20. Nxd6
Nxd6 21. Rac1 Qe7 22. Rfd1 Ne8 23. Na4 Nf6 24. Nb6 Rb8 25. h3 Qe8 26. Qd6
Bd7 27. Nxd7 1-0

[Event "29th World Junior Girls"]
[Site "Chennai IND"]
[Date "2011.08.09"]
[Round "7"]
[White "Michelle Catherina,P"]
[Black "Mahalakshmi,M"]
[Result "1-0"]
[WhiteElo "2052"]
[BlackElo "1901"]
[EventDate "2011.08.02"]

1. e4 c6 2. d4 d5 3. exd5 cxd5 4. Bd3 Nc6 5. c3 Nf6 6. h3 g6 7. Bf4 Bg7 8.
Nf3 O-O 9. O-O Qb6 10. Qc1 Bd7 11. Nbd2 Rac8 12. Qb1 Nh5 13. Bh2 f5 14. Re1
Nf6 15. Ne5 Nxe5 16. Bxe5 Ne4 17. Bxg7 Kxg7 18. Nf3 g5 19. Qc1 h6 20. Ne5
Be6 21. f3 Nd6 22. Qd2 Rc7 23. Re2 f4 24. Ng6 Rf6 25. Rae1 Nf5 26. Bxf5
Bxf5 27. Ne5 e6 28. Kh2 Qb5 29. Rc1 Rf8 30. Ree1 Rfc8 31. Red1 Qa5 32. a3
Qb5 33. Re1 b6 34. Ra1 Qe8 35. Re2 a6 36. Nd3 Qg6 37. Ne5 Qe8 38. Rae1 Re7
39. Qd1 Qb5 40. Kg1 Rcc7 41. Kh2 Rc8 42. Rf2 a5 43. Qd2 Rh8 44. Rff1 Rc8
45. Rc1 Rec7 46. Rfe1 Re7 47. Ra1 a4 48. Rac1 Rec7 49. Kg1 Re7 50. Kf2 h5
51. g3 fxg3+ 52. Kxg3 Rg8 53. Kh2 Kh7 54. Rg1 Reg7 55. c4 dxc4 56. Rxc4 Qe8
57. Qd1 g4 58. fxg4 hxg4 59. hxg4 Kh8 60. Rc3 Bh7 61. Rh3 Qb5 62. Qd2 Rd8
63. Qf2 Kg8 64. Rf3 Rc8 65. Kh3 Be4 66. Rf7 Qe8 67. Rxg7+ Kxg7 68. Rf1 Bg6
69. Qf6+ Kh7 70. Kg3 Be4 71. Qh4+ Kg8 72. Qg5+ Kh8 73. Nf7+ Kh7 74. Qh6+
Kg8 75. Qh8+ 1-0

[Event "29th World Junior Girls"]
[Site "Chennai IND"]
[Date "2011.08.09"]
[Round "7"]
[White "Olsarova,K"]
[Black "Bala Kannamma,P"]
[Result "1-0"]
[WhiteElo "2282"]
[BlackElo "1931"]
[EventDate "2011.08.02"]

1. e4 c5 2. Nf3 a6 3. c4 e6 4. Nc3 Qc7 5. Be2 Nc6 6. O-O Nf6 7. b3 Be7 8.
Bb2 d6 9. d4 cxd4 10. Nxd4 O-O 11. Nc2 b6 12. Ne3 Bb7 13. Kh1 Nb8 14. f3
Nbd7 15. Qd2 Rac8 16. Rfd1 Qb8 17. Bf1 Rfd8 18. Qf2 Nf8 19. Rac1 Rc7 20.
Nc2 Bc6 21. Nb4 Qb7 22. Nxc6 Rxc6 23. Rc2 Rc7 24. Rcd2 Ng6 25. g3 Qb8 26.
a4 Rdc8 27. Bg2 Nd7 28. Qd4 Bf8 29. Rb1 Nc5 30. Ba1 Ne5 31. f4 Nc6 32. Qf2
Na7 33. f5 b5 34. cxb5 axb5 35. Rdd1 bxa4 36. bxa4 Rb7 37. fxe6 fxe6 38.
Rxb7 Qxb7 39. e5 Qc7 40. exd6 Bxd6 41. Qa2 Bf8 42. Ne4 Qf7 43. Ng5 Qg6 44.
Nf3 Qe8 45. a5 Nc6 46. Bc3 h6 47. Qe2 Rd8 48. Rb1 Rb8 49. Re1 Qd8 50. a6
Qb6 51. Ne5 Nxe5 52. Bxe5 Rd8 53. Ra1 Nd3 54. h3 Qa7 55. Bc3 Nc5 56. Kh2
Bd6 57. Qg4 Bf8 58. Qc4 Rd7 59. Bd4 Rc7 60. Bxc5 Qxc5 61. Qxc5 Bxc5 62. Rc1
Kf7 63. Bb7 1-0

[Event "29th World Junior Girls"]
[Site "Chennai IND"]
[Date "2011.08.09"]
[Round "7"]
[White "Forestier,C"]
[Black "Lasya,G"]
[Result "0-1"]
[WhiteElo "2101"]
[BlackElo "1898"]
[EventDate "2011.08.02"]

1. d4 Nf6 2. c4 g6 3. Nc3 Bg7 4. e4 d6 5. Bg5 O-O 6. Qd2 Nbd7 7. Bd3 e5 8.
d5 Nc5 9. Bc2 a5 10. Nge2 Bd7 11. O-O Rb8 12. b3 b5 13. cxb5 Bxb5 14. Nxb5
Rxb5 15. f3 Qa8 16. Nc1 c6 17. dxc6 Qxc6 18. Nd3 Ne6 19. Be3 d5 20. Nxe5
Qc7 21. a4 Rbb8 22. exd5 Nxd5 23. Qxd5 Bxe5 24. Rac1 Bxh2+ 25. Kh1 Bf4 26.
Bxg6 Qe7 27. Bxh7+ Kxh7 28. Qf5+ Kg7 29. Bxf4 Qh4+ 30. Bh2 Rh8 31. Qg4+
Qxg4 32. fxg4 Rxb3 33. Kg1 f6 34. Rc4 Rd8 35. Re1 Kf7 36. Kf2 Rd2+ 37. Re2
Rd1 38. Rce4 Nc5 39. Re7+ Kg6 40. Ra2 Nd3+ 41. Ke2 Re1+ 42. Kd2 Rxe7 43.
Kc2 Reb7 0-1

[Event "29th World Junior Girls"]
[Site "Chennai IND"]
[Date "2011.08.09"]
[Round "7"]
[White "Gevorgyan,M"]
[Black "Frayna,Janelle Mae"]
[Result "0-1"]
[WhiteElo "2068"]
[BlackElo "1875"]
[EventDate "2011.08.02"]

1. e4 Nf6 2. e5 Nd5 3. d4 d6 4. c4 Nb6 5. exd6 exd6 6. Nc3 Nc6 7. h3 Bf5 8.
Nf3 Nb4 9. Qe2+ Be7 10. Kd1 Bc2+ 11. Ke1 Bd3 12. Qd1 Bg6 13. Bf4 Nc2+ 14.
Kd2 Nxa1 15. Qxa1 c6 16. Qe1 O-O 17. h4 h5 18. Be2 Qd7 19. Qd1 Qf5 20. Be3
d5 21. b3 dxc4 22. Ne5 c5 23. g4 hxg4 24. Bxg4 Qf6 25. Ke1 cxd4 26. Bxd4
Bc5 27. b4 Bxd4 28. Qxd4 Rad8 29. Qe3 Rfe8 30. f4 Rd3 31. Qf2 Rxc3 32. Kf1
Rc1+ 33. Kg2 Rxh1 34. Kxh1 Rxe5 35. Kg2 Re4 36. Qe1 0-1

[Event "29th World Junior Girls"]
[Site "Chennai IND"]
[Date "2011.08.09"]
[Round "7"]
[White "Savant,R"]
[Black "Martinez,Ay"]
[Result "0-1"]
[WhiteElo "1743"]
[BlackElo "2011"]
[EventDate "2011.08.02"]

1. d4 Nf6 2. Nf3 g6 3. g3 Bg7 4. Bg2 O-O 5. O-O d5 6. b3 c5 7. Bb2 cxd4 8.
Bxd4 Nc6 9. Bb2 Re8 10. Ne5 Qd6 11. Nxc6 bxc6 12. Nd2 Bf5 13. c4 Rac8 14.
Rc1 Bh6 15. e3 Red8 16. Nf3 Qb8 17. Ne5 dxc4 18. Qe1 cxb3 19. Nxc6 Rxc6 20.
Rxc6 Be4 21. Bxe4 Nxe4 22. Qe2 Qb7 23. Rfc1 bxa2 24. Ba1 Nd2 25. Qd1 Bg7
26. Bxg7 Kxg7 27. Qc2 Nf3+ 28. Kf1 Qb5+ 29. Qe2 Nxh2+ 30. Ke1 Qb4+ 31. R6c3
Qxc3+ 32. Rxc3 a1=Q+ 33. Rc1 Qxc1+ 34. Qd1 Qxd1+ 0-1

[Event "29th World Junior Girls"]
[Site "Chennai IND"]
[Date "2011.08.09"]
[Round "7"]
[White "Akshaya,A"]
[Black "Arunima,K"]
[Result "0-1"]
[WhiteElo "1966"]
[BlackElo "1867"]
[EventDate "2011.08.02"]

1. e4 c5 2. Nf3 Nc6 3. Bb5 g6 4. Bxc6 bxc6 5. O-O Bg7 6. c3 Nh6 7. d4 Qb6
8. Na3 cxd4 9. cxd4 O-O 10. h3 d6 11. Qc2 f6 12. Re1 Bd7 13. b3 Qa5 14. Bb2
Qh5 15. Qe2 g5 16. Nh2 Qg6 17. Nc4 g4 18. hxg4 Nxg4 19. Nxg4 Bxg4 20. f3
Be6 21. Ne3 Rae8 22. Rac1 Bh6 23. Rxc6 Bh3 24. Bc1 Bxe3+ 25. Bxe3 Kh8 26.
Qf1 Rg8 27. Re2 Rg7 28. Rcc2 Reg8 29. d5 Qe8 30. Bxa7 Rg5 31. Be3 Rh5 32.
a4 Qg6 33. Qe1 h6 34. b4 Bd7 35. b5 Rh3 36. Kf1 Rxf3+ 37. Rf2 Qxg2+ 38. Ke2
Rxf2+ 39. Qxf2 Qxe4 40. Ke1 Bh3 41. b6 Qh1+ 42. Ke2 Qxd5 43. Qh4 Bg4+ 0-1

[Event "29th World Junior Girls"]
[Site "Chennai IND"]
[Date "2011.08.09"]
[Round "7"]
[White "Sithalatchumi,A"]
[Black "Sathya,Pri"]
[Result "1-0"]
[WhiteElo "1939"]
[BlackElo "1842"]
[EventDate "2011.08.02"]

1. d4 d5 2. Nf3 Nf6 3. c4 dxc4 4. e3 e6 5. Bxc4 a6 6. O-O c5 7. Qe2 Nc6 8.
Rd1 Qc7 9. dxc5 Bxc5 10. Nbd2 b5 11. Nb3 Be7 12. Bd3 Nb4 13. Bd2 Nxd3 14.
Qxd3 Bd7 15. Rac1 Qb7 16. Ne5 b4 17. Nc5 Bxc5 18. Rxc5 O-O 19. Qc4 Bb5 20.
Qxb4 Nd5 21. Qg4 Rfc8 22. Rxc8+ Rxc8 23. Bc3 Nxc3 24. bxc3 Qc7 25. Qd4 f6
26. Nf3 Qxc3 27. h4 Qxd4 28. Rxd4 Rc2 29. a4 Bc6 30. Rb4 Ra2 31. Nd4 Bxa4
32. Nxe6 Kf7 33. Nd4 Kg6 34. Rb7 Ra1+ 35. Kh2 Rd1 36. g4 h6 37. h5+ Kh7 38.
Ne6 Rd7 39. Nf8+ 1-0

[Event "29th World Junior Girls"]
[Site "Chennai IND"]
[Date "2011.08.09"]
[Round "7"]
[White "Degrande,M"]
[Black "Heredia Serrano,C"]
[Result "0-1"]
[WhiteElo "1890"]
[BlackElo "2072"]
[EventDate "2011.08.02"]

1. d4 d5 2. c4 c6 3. Nc3 Nf6 4. Bg5 dxc4 5. a4 Qa5 6. Nf3 Ne4 7. Bd2 Nxc3
8. Bxc3 Qd5 9. Nd2 Bf5 10. f3 Bg6 11. e4 Qg5 12. Nxc4 Nd7 13. Bd2 Qf6 14.
Bc3 Qf4 15. e5 Nb6 16. g3 Qf5 17. Nxb6 axb6 18. Be2 e6 19. Qb3 Qc2 20. Qxb6
Bd3 21. Bxd3 Qxd3 22. Qxb7 Qe3+ 23. Kd1 Qxf3+ 24. Kc2 Qe4+ 25. Kb3 Qd5+ 26.
Kc2 Qe4+ 27. Kb3 Rd8 28. a5 Qd5+ 29. Kc2 Qe4+ 30. Kb3 Qd5+ 31. Kc2 g6 32.
Rhf1 Qg2+ 33. Kd3 Rd7 34. Qb6 Be7 35. a6 O-O 36. a7 c5 37. Qa6 Rdd8 38.
Rae1 Bg5 39. Rd1 cxd4 40. Ba5 Rc8 0-1